| 000 | 00531nam a2200181Ia 4500 | ||
|---|---|---|---|
| 005 | 20250326141121.0 | ||
| 008 | 250326s9999 xx 000 0 und d | ||
| 037 | _aTextbook | ||
| 040 |
_aFMSL _beng _cFMSL |
||
| 041 |
_aeng _2eng |
||
| 084 |
_aX:91:(S:44) N5 _qFMSL |
||
| 100 |
_aFriedenberg L _9743749 |
||
| 245 | 0 |
_aPsychological testing: Design analysis and use _cFriedenberg L |
|
| 260 |
_aLondon _bLondon, Allyn & Bacon _c1995 |
||
| 300 | _a526p | ||
| 942 |
_cTB _hX:91:(S:44) N5 |
||
| 999 |
_c1288774 _d1288774 |
||